Σύντομη ιστορία του σεξ

Αποθηκεύτηκε σε:
Λεπτομέρειες βιβλιογραφικής εγγραφής
Κύριος συγγραφέας: Bantman, Beatrice
Άλλοι συγγραφείς: Παρίση, Χριστίνα (Μεταφραστής)
Μορφή: Βιβλίο
Γλώσσα:Greek
French
Δημοσίευση: Αθήνα : Καστανιώτης, 2000
Σειρά:Τοποθετήσεις
Θέματα:
Ετικέτες: Προσθήκη ετικέτας
Δεν υπάρχουν, Καταχωρήστε ετικέτα πρώτοι!

MARC

LEADER 00000cam a2200000 i 4500
001 1/20247
008 010719s2000 gr | ||| |||| ||gre||
020 |a 9600326355 
035 |l 10067094 
040 |a GR-MY-UA  |b gre  |e aacr 
041 0 |a gre  |h fre 
082 0 |a 306.7 
100 1 |a Bantman, Beatrice. 
245 1 0 |a Σύντομη ιστορία του σεξ /  |c Μπεατρίς Μπάντμαν ; μετάφραση από τα γαλλικά Χριστίνα Παρίση 
260 |a Αθήνα :   |b Καστανιώτης,   |c 2000 
300 |a 236 σ. 
490 1 |a Τοποθετήσεις 
504 |a Βιβλιογραφία: σ.235-236 
650 0 0 |a Sex  |x History. 
700 1 |a Παρίση, Χριστίνα.  |4 trl 
830 0 |a Τοποθετήσεις 
852 |a INST  |b LESVOS  |e 20010719  |h 306.7 BAN  |p 005100028788  |q 005100028788  |t BK  |y 0 
852 |a INST  |b LESVOS  |e 20110711  |h 306.7 BAN  |p 005100049848  |q 005100049848  |t BK  |y 0 
852 |a INST  |b LESVOS  |e 20110809  |h 306.7 BAN  |p 005100049979  |q 005100049979  |t BK  |y 0 
852 |a INST  |b LESVOS  |e 20110726  |h 306.7 BAN  |p 005100050125  |q 005100050125  |t BK  |y 0 
852 |a INST  |b LESVOS  |e 20110726  |h 306.7 BAN  |p 005100050126  |q 005100050126  |t BK  |y 0 
852 |a INST  |b SAMOS  |e 20110905  |h 306.7 BAN  |p 005300032542  |q 005300032542  |t BK  |y 0 
901 |a BIBL3-2011-3 
901 |a BIBL1-2001-2 
901 |a BIBL1-2011-2 
909 |a Σ  |b 167338 
909 |a Λ  |b 088088 
909 |a Λ  |b 169393 
909 |a Λ  |b 170118 
909 |a Λ  |b 170119 
909 |a Λ  |b 171277 
920 |a ΔΩΡΕΑ ΒΙΒΛΙΟΘΗΚΗΣ  |y Λέσβος  |z 2001-04 
920 |a ΦΟΙΤΗΤΙΚΗ ΜΕΡΙΜΝΑ  |y Λέσβος  |z 2011-04 
970 |a ΤΖΑΦΕΡΗ  |b ΕΥΑΓΓΕΛΙΑ  |z 2001/07/19